Stati per produzione di petrolio - Statistics

Statistiche generali
  • Questo quiz è stato fatto 49 volte
    7 dall'ultimo reset
  • Il punteggio medio è 14 su 20
Statistiche sulle risposte
Produzione di petrolio (barili/giorno) Continente Nazione % Corretto
13 401 000 America del Nord Stati Uniti
100%
10 815 700 Asia Arabia Saudita
83%
3 770 000 Asia Emirati Arabi Uniti
83%
10 750 000 Asia Iran
83%
4 084 000 Asia Iraq
83%
2 720 000 Asia Kuwait
83%
1 905 500 America del Nord Messico
83%
1 040 000 Asia Oman
83%
5 500 000 Europa / Asia Russia
83%
3 630 000 America del Sud Brasile
67%
4 715 000 America del Nord Canada
67%
4 162 000 Asia Cina
67%
1 255 000 Africa Libia
67%
1 647 000 Africa Nigeria
67%
2 026 000 Europa Norvegia
67%
1 790 000 Europa Regno Unito
67%
1 415 000 Africa Algeria
50%
1 897 000 Asia Kazakistan
50%
1 815 100 Asia Qatar
50%
1 235 000 Africa Angola
17%
Nessun quiz corrispondente trovato
Distribuzione punteggi
Percentuale di utenti per punteggio
Percentile per numero di risposta
I tuoi punteggi nel tempo
Non hai fatto questo quiz dall'ultimo reset